书目信息 |
| 题名: |
机械系统的随机振动
|
|
| 作者: | 斯维特里兹基 著 ;谈开孚 , 邹经湘 译 | |
| 分册: | ||
| 出版信息: | 北京 高等教育出版社 1986 |
|
| 页数: | 229页 | |
| 开本: | 20cm | |
| 丛书名: | ||
| 单 册: | ||
| 中图分类: | O324 | |
| 科图分类: | ||
| 主题词: | 随机振动 | |
| 电子资源: | ||
| ISBN: | ||
| 000 | 00815nam0 2200265 45 | |
| 001 | 0186012946 | |
| 005 | 20050106095642.2 | |
| 010 | @dCNY1.65 | |
| 091 | @a15010.0654 | |
| 100 | @a19901012d1986 em y0chiy0121 ea | |
| 101 | 1 | @achi@crus |
| 102 | @aCN@b110000 | |
| 105 | @ay z 000yy | |
| 200 | 10 | @a机械系统的随机振动@Aji xie xi tong de sui ji zhen dong@f(苏)B·A·斯维特里兹基著@F(Su)B·A·Si Wei Te Li Zi Ji Zhu@g谈开孚,邹经湘译 |
| 210 | @a北京@c高等教育出版社@d1986 | |
| 215 | @a229页@d20cm | |
| 300 | @a本书据苏联机器制造出版社1976年俄文版译出 | |
| 606 | @a随机振动 | |
| 690 | @aO324@v3 | |
| 701 | 0 | @a斯维特里兹基@4著 |
| 702 | 0 | @a谈开孚@Atan kai fu@4译 |
| 702 | 0 | @a邹经湘@Azou jing xiang@4译 |
| 801 | 0 | @aCN@b深圳图书馆@c20050106 |
| 801 | 2 | @aCN@bNLC@c20050106 |
| 905 | @f1@b169634@dO324@e10 | |
| 机械系统的随机振动/(苏)B·A·斯维特里兹基著/谈开孚,邹经湘译.-北京:高等教育出版社,1986 |
| 229页;20cm |
| 本书据苏联机器制造出版社1976年俄文版译出 |
| ISBN :CNY1.65 |
| ● |
| 相关链接 |
|
|
|
|
正题名:机械系统的随机振动
索取号:O324/10
 
预约/预借
| 序号 | 登录号 | 条形码 | 馆藏地/架位号 | 状态 | 备注 |
| 1 | 0169633 | 202098078 | 第二样本阅览室/ [索取号:O324/10] | 在馆 | |
| 2 | 0169634 | 000384186 | 第三借阅区/ [索取号:O324/10] | 在馆 |